Statistics for Capitals of Flags Letter A

Click here to take the quiz!

General Stats

  • This quiz has been taken 25 times
  • The average score is 9 of 11

Answer Stats

Answer% Correct
Algiers
91%
Buenos Aires
91%
Vienna
91%
Andorra la Vella
82%
Baku
82%
Kabul
82%
Luanda
82%
Tirana
82%
Canberra
73%
Yerevan
73%
Saint John
64%

Score Distribution

Percentile by Number Answered

Percent of People with Each Score

Your Score History

You have not taken this quiz